| 000 | 00449nam a22001457a 4500 | ||
|---|---|---|---|
| 999 |
_c18022 _d18022 |
||
| 008 | 191113b xxu||||| |||| 00| 0 eng d | ||
| 020 | _a9351435358 | ||
| 050 |
_aKU1349 _b.T46 2015 c.1 |
||
| 100 | _aThorpe, Shorwick | ||
| 245 |
_aShort Notes and Multiple Choice Questions _bArbitration and Conciliation Act (Act 26 of 1996) _cShorwick, Thorpe |
||
| 250 | _a2nd ed. | ||
| 260 |
_aIndia _bLexisNexis _c2015 |
||
| 300 | _av, 269p. | ||
| 942 |
_2lcc _cBK |
||